Euro 2024 Host Cities - Statistics

General Stats
  • This quiz has been taken 7 times
  • The average score is 9 of 10
Answer Stats
Hint Answer % Correct
Be Berlin
100%
Do Dortmund
100%
Fr Frankfurt
100%
Ha Hamburg
100%
Mu Munich
100%
Co Cologne
86%
Du Dusseldorf
86%
St Stuttgart
86%
Le Leipzig
71%
Ge Gelsenkirchen
29%
No matching quizzes found
Score Distribution
Percent of People with Each Score
Percentile by Number Answered
Your Score History
You have not taken this quiz